| 000 | 00585nam a2200193 a 4500 | ||
|---|---|---|---|
| 001 | 000041426 | ||
| 005 | 20240523181032.0 | ||
| 008 | 131003s1997 ve 000 0 spa d | ||
| 020 | _a9789806114715 | ||
| 040 |
_aDO-SdBNP _bspa _cBNPHU |
||
| 082 |
_axxxx _bxxxx |
||
| 100 | 1 |
_aMéndez, Conny, _d1898-1979 _968096 |
|
| 245 | 1 | 0 |
_aMetafísica 4 en 1 / _cConny Méndez. |
| 260 |
_aCaracas, Venezuela : _bBienes lacómica, _c1997. |
||
| 300 |
_av. ; _c22 cm. |
||
| 490 | 1 | _aMetafísica | |
| 500 | _aIncluye datos biográficos del autor en la contracubierta | ||
| 830 |
_aMetafísica _935656 |
||
| 999 |
_c40916 _d40916 |
||